| 000 | 00357nam a22001577a 4500 | ||
|---|---|---|---|
| 003 | OSt | ||
| 005 | 20260618042918.0 | ||
| 008 | 260618b |||||||| |||| 00| 0 eng d | ||
| 040 | _cDLC | ||
| 050 | _bH174B | ||
| 082 | _bH174B | ||
| 245 |
_aBible Panorama _cby Terry Hall |
||
| 260 |
_aIllinois: _bVictor Books, _c1985. |
||
| 300 | _a192p. | ||
| 942 |
_2ddc _cBK |
||
| 999 |
_c11658 _d11658 |
||